000 00518nam a22001937a 4500
003 OSt
005 20160421141908.0
008 160421b xxu||||| |||| 00| 0 eng d
020 _a0674765265
040 _cDDC.
082 _a509SEN 1984.
100 _aSen,Amartya;
_93941
245 _aResources,Values and Development.
260 _aEngland.
_bHarvard University Press.
_c1984.
300 _avi,547p;
_bill:
_c25cm.
504 _aincludes references and index.
650 _aDevelopment.
_9612
942 _2ddc
_cSLOAN
999 _c3680
_d3680